Top Level Domains Asien - Statistiken

Allgemein
  • Dieses Quiz wurde 47 mal gespielt
  • Das Durchschnittsergebnis liegt bei 39 aus 49
Antwortstatistiken
TLD Land % Korrekt
.af Afghanistan
100%
.cn China
92%
.iq Irak
92%
.ir Iran
92%
.ye Jemen
92%
.jo Jordanien
92%
.om Oman
92%
.sy Syrien
92%
.uz Usbekistan
92%
.am Armenien
88%
.az Aserbaidschan
88%
.bd Bangladesch
88%
.bt Bhutan
88%
.jp Japan
88%
.kz Kasachstan
88%
.kg Kirgisistan
88%
.ru Russland
88%
.vn Vietnam
88%
.ge Georgien
83%
.in Indien
83%
.qa Katar
83%
.kw Kuwait
83%
.la Laos
83%
.my Malaysia
83%
.np Nepal
83%
.ph Philippinen
83%
.th Thailand
83%
.bh Bahrain
79%
.bn Brunei
79%
.id Indonesien
79%
.lb Libanon
79%
.mn Mongolei
79%
.pk Pakistan
79%
.tj Tadschikistan
79%
.sa Saudi-Arabien
75%
.tw Taiwan
75%
.ae Vereinigte Arabische Emirate
75%
.cy Zypern
75%
.mm Myanmar
71%
.tm Turkmenistan
71%
.il Israel
67%
.sg Singapur
67%
.tr Türkei
67%
.kh Kambodscha
63%
.kr Südkorea
63%
.mv Malediven
58%
.kp Nordkorea
58%
.tl Osttimor
54%
.lk Sri Lanka
54%
Keine übereinstimmenden Quizze gefunden
Verteilung der Resultate
Anzahl Personen mit jedem Resultat
Perzentil nach korrekt beantworteten Fragen
Ihre Resultats-Entwicklung
Sie haben dieses Quiz noch nicht gespielt